| 000 | 01154cam a2200361 i 4500 | ||
|---|---|---|---|
| 999 |
_c64813 _d64813 |
||
| 001 | 276818991 | ||
| 003 | OCoLC | ||
| 005 | 20190215103507.0 | ||
| 008 | 090120s2009 inu g b 001 0 eng | ||
| 010 | _a2009001154 | ||
| 020 | _a9780268033200 (pbk. : alk. paper) | ||
| 020 | _a026803320X (pbk. : alk. paper) | ||
| 040 |
_aDLC _cCO-MdFUSB _dBTCTA _dYDXCP _dC#P _dBWX _dOrLoB-B _bspa _erda |
||
| 041 | _aeng | ||
| 082 |
_224 _aG 223.207 _bK92p |
||
| 100 | 1 |
_aKriegshauser, Laurence. _eautor |
|
| 245 | 0 | 0 |
_aPraying the Psalms in Christ / _cLaurence Kriegshauser. |
| 264 | 1 |
_aNotre Dame, Indiana : _bUniversity of Notre Dame Press, _c℗2009 |
|
| 264 | 4 | _c©2009 | |
| 300 |
_aix, 356 páginas ; _c23 cm. |
||
| 336 |
_2rdacontent _atexto _btxt |
||
| 337 |
_2rdamedia _asin mediación _bn |
||
| 338 |
_2rdacarrier _avolumen _bnc |
||
| 490 | 1 | _aReading the Scriptures. | |
| 501 | _aIncluye índices (páginas 331- 356) | ||
| 504 | _aBibliografía (páginas 328- 330) | ||
| 505 | _aSalmos 1-150 | ||
| 630 | 0 | 7 |
_aBiblia. _pSalmos |
| 830 | 0 | _aReading the Scriptures. | |
| 942 | _cBK | ||